| 000 | 00434nam a2200169Ia 4500 | ||
|---|---|---|---|
| 008 | 170705s9999 xx 000 0 und d | ||
| 020 | _a9780142403884 | ||
| 245 | _aCharlie and the chocolate factory / | ||
| 245 | _cRoald Dahl ; illustrated by Quentin Blake. | ||
| 260 | _aNew York : | ||
| 260 | _bScholastic, | ||
| 260 | _c1995 | ||
| 300 | _a155 pages : | ||
| 300 | _bcolor illustration ; | ||
| 300 | _c20cm. | ||
| 500 | _a810 | ||
| 999 |
_c336458 _d336458 |
||